000 00580nam a22001457a 4500
020 _a978-81-8477-620-1
082 _a823
_bMOR/R
100 _aMORRIS, PAULA
245 _aRUINED
260 _aDELHI
_bPOINT
_c2009
300 _a809
520 _aOstracized as an outsider, Rebecca struggles to fit in and cope with her new surroundings. When she befriends Lisette, a ghost who has haunted the cemetery ever since her mysterious death 155 years earlier, Rebecca is drawn into an eerie story of betrayal, loss, old curses and family secrets.
650 _aNOVEL
_zINDIA
942 _cBK
999 _c3520
_d3520